Countries that Export the Most Electronics - Statistics

General Stats
  • This quiz has been taken 63 times
  • The average score is 16 of 20
Answer Stats
Net $ Country % Correct
863 bil China
100%
99.9 bil Japan
98%
185 bil Germany
96%
32.1 bil India
96%
199 bil United States
96%
154 bil South Korea
92%
49.5 bil France
90%
218 bil Taiwan
90%
103 bil Mexico
82%
119 bil Vietnam
82%
48.9 bil Thailand
80%
44.3 bil Italy
78%
118 bil Malaysia
73%
66.0 bil Netherlands
71%
43.9 bil Poland
71%
161 bil Singapore
71%
40.6 bil Philippines
63%
52.1 bil Czech Republic
43%
42.3 bil United Arab Emirates
43%
40.7 bil Hungary
41%
No matching quizzes found
Score Distribution
Percent of People with Each Score
Percentile by Number Answered
Your Score History
You have not taken this quiz